Score 0/12 Timer 06:00
0 Plays Today
Year Album % Correct
1999Running with Scissors
88.2%
2003Poodle Hat
79.6%
1996Bad Hair Day
72%
1989UHF - Original Motion Picture Soundtrack and Other Stuff
71%
2006Straight Outta Lynwood
68.8%
1983'Weird Al' Yankovic
66.7%
1988Even Worse
65.6%
1993Alapalooza
65.6%
1984'Weird Al' Yankovic in 3-D
61.3%
1985Dare to Be Stupid
60.2%
1986Polka Party!
60.2%
1992Off the Deep End
59.1%
Remove Ads.
Support Sporcle.
Get the best of Sporcle when you Go Orange. This ad-free experience offers more features, more stats, and more fun while also helping to support Sporcle. Thank you for becoming a member.

You're not logged in!

Compare scores with friends on all Sporcle quizzes.
OR
Log In

Show Comments

Extras

Created Oct 4, 2009SourceReportNominate
Tags:Album Quiz, studio, Weird

Top Quizzes Today


Score Distribution

Your Account Isn't Verified!

In order to create a playlist on Sporcle, you need to verify the email address you used during registration. Go to your Sporcle Settings to finish the process.

Report this User

Report this user for behavior that violates our Community Guidelines.

Details: